Регионална библиотека "Любен Каравелов" - Русе

Преддверието и Средния кат: Книга на ложата (Запис номер 345437)

MARC детайли
000 -Лидер
Контролно поле с фиксирана дължина 01680nam a2200325 a 4500
003 - Код на организацията, давaща контролен номер
Контролно поле BLK
005 - Дата и час на последна редакция
Контролно поле 20240618151840.0
008 - Елементи от данни с фиксирана дължина
fixed length control field 190920b bu ||||| |||| 00| 0 bu d
020 ## - Международен стандартен номер на книга ISBN
Международен стандартен номер на книга ISBN 9789543271276
040 ## - Източник на каталожния запис
Идентификатор на билиотеката - собственик на записа BLK
041 ## - Код за език
Код за езика на текст/звукозапис или на отделно заглавие Български
Код за езика КДБФ Български
080 ## - УДК
Текстов определител УДК Асоциации. Федерации. Съюзи
УДК код - определител по УДК 061.25
УДК - код + определител 061.25
100 ## - Редна дума - Автор
Автор Пайк, Албърт
Авторска отговорност първи автор
R(LIN) 1299
139 ## - Редно поле
Редна дума Пайк, Албърт
Авторски знак Пад - П 14
245 ## - Сведения за заглавието
Заглавие Преддверието и Средния кат: Книга на ложата
Подзаглавни данни ритуал на сините степени в шотландския обред
Редно поле (дума) на Албърт Пайк ; ред. Артуро Де Ойос ; прев. от англ. Павел Главусанов ; предг. Иван Сариев
260 ## - Област на издателските данни
9 (RLIN) 209835
Място на издаване, разпространение и проч. София
Име на издателя, разпространителя и проч. Класика и Стил
Година на издаване 2019
Печатница София : Алианс принт
300 ## - Физическа характеристика
Страници 600 с.
Илюстрации и др. с ил.
Размери/Мащаб 24 см
380 ## - Жанр
Жанр Общ отдел
500 ## - Общи забележки
Забележка Ориг. загл.: The porch and the middle chamber: the book of the lodge / Albert Pike. - Биогр. данни за ред. отбелязани на с. 600. - Азб. показалец
650 #7 - Допълнително описание по предмет – тема
9 (RLIN) 161281
Основно описание – тема или топоним Масонство
653 #7 - Ключова дума – ненормативна
9 (RLIN) 190610
Ключова дума масонство
700 ## - Други автори (авторска отговорност)
9 (RLIN) 1311
Лично име Де Ойос, Артуро
Автороска отговорност (Описва отношението между автора и произведението) ред.
700 ## - Други автори (авторска отговорност)
Лично име Главусанов, Павел Грозданов
9 (RLIN) 241906
700 ## - Други автори (авторска отговорност)
9 (RLIN) 1236
Лично име Сариев, Иван Христов
Автороска отговорност (Описва отношението между автора и произведението) предг. от
730 ## - Точка за достъп--Унифицирано заглавие
Унифицирано заглавие The porch and the middle chamber: the book of the lodge
9 (RLIN) 396592
852 ## - Местоположение
Фондова буква Хранилище
942 ## - АРТИКУЛИ
Вид на библиотечния материал Книги
Скрит в OPAC Не
Периодичен библиозапис Да
Koha issues (borrowed), all copies 1
944 ## - СЪЗДАВАНЕ И РЕДАКЦИЯ на ЗАПИСА
Създаване/Редакция Създаване
Дата на регистрацията/редакция 2019-09-20
Служител, извършил регистрацията/редакцията 30560
Статус, дата на статуса Геновева Генчева
999 ## - СИСТЕМНИ КОНТРОЛНИ НОМЕРА
Koha biblionumber 345437
Koha biblioitemnumber 345437
999 ## - СИСТЕМНИ КОНТРОЛНИ НОМЕРА
Koha biblioitemnumber 345437
Наличности
Код за отписване Код за изгубен артикул Източник на класификационната схема Код за повреда Код за отдаване Артикулен № Име на библиотеката - собственик Име на библиотеката, в която се намира в момента Статус (Текущо местоположение) Дата на вписване в системата Местоположение - отдел Цена в лева Систематично азбучна сигнатура Баркод Цена в евро Служебен тип на артикула
  Не е изгубен Universal Decimal Classification Не е повреден ползва се в читалня 746658 Регионална библиотека "Любен Каравелов" Русе Регионална библиотека "Любен Каравелов" Русе Хранилище 2019-09-26 Хранилище 45.00 Цб 297045 120000836644 23.01 Книги
Vip Innovations Ltd, Rousse, Bulgaria 2025